বঙ্গের বীর-সন্তান / (Record no. 32325)

MARC details
000 -LEADER
fixed length control field 00880nam a22001937a 4500
003 - CONTROL NUMBER IDENTIFIER
control field BDDh-ASL
005 - DATE AND TIME OF LATEST TRANSACTION
control field 20231015031357.0
008 - FIXED-LENGTH DATA ELEMENTS--GENERAL INFORMATION
fixed length control field 230507s1940 i ||||| |||| 00| 0 b d
040 ## - CATALOGING SOURCE
Original cataloging agency BDDh-ASL
Transcribing agency BDDh-ASL
041 ## - LANGUAGE CODE
Language code of text/sound track or separate title ben
082 ## - DEWEY DECIMAL CLASSIFICATION NUMBER
Classification number 954
Item number BHB
100 1# - MAIN ENTRY--PERSONAL NAME
Personal name ভট্টাচার্য্য, শ্রী উপেন্দ্রনাথ
9 (RLIN) 8211
245 10 - TITLE STATEMENT
Title বঙ্গের বীর-সন্তান /
246 ## - VARYING FORM OF TITLE
Title proper/short title Banger Beer Sontan
260 ## - PUBLICATION, DISTRIBUTION, ETC.
Place of publication, distribution, etc. কলিকাতা :
Name of publisher, distributor, etc. বৃন্দাবন ধর এণ্ড সন্স লিমিটেড,
Date of publication, distribution, etc. 1940.
300 ## - PHYSICAL DESCRIPTION
Extent 202 p. :
Dimensions 18 cm.
650 #0 - SUBJECT ADDED ENTRY--TOPICAL TERM
Topical term or geographic name entry element History of Bangladesh, Economic, Political, Social, Others (বাংলাদেশের ইতিহাস, সামাজিক, রাজনৈতিক, অর্থনৈতিক ও অন্যান্য)
9 (RLIN) 5754
942 ## - ADDED ENTRY ELEMENTS (KOHA)
Source of classification or shelving scheme Dewey Decimal Classification
Koha item type Books
Holdings
Withdrawn status Lost status Source of classification or shelving scheme Damaged status Not for loan Collection code Home library Current library Shelving location Date acquired Source of acquisition Total Checkouts Full call number Barcode Date last seen Copy number Price effective from Koha item type Public note
    Dewey Decimal Classification     Non-fiction Asiatic Society Library Asiatic Society Library General Stacks 05/07/2023 ASB Library Collections   954 BHB 121153 05/07/2023 C-1 05/07/2023 Books Y-1940

Powered by Koha